El extraño caso del Dr. Jekyll y Mr. Hyde / (Registro nro. 10710)

Detalles MARC
000 -LIDER
fixed length control field 00824nam a22002777a 4500
001 - NÚMERO DE CONTROL
Identificador de número de control 00720
003 - IDENTIFICACDOR DE NÚMERO DE CONTROL
control field DO-SdBPM
005 - DATE AND TIME OF LATEST TRANSACTION
control field 20250114123927.0
007 - CAMPOS FIJOS DE DESCRIPCIÓN FÍSICA
fixed length control field 00720
008 - ELEMENTOS DE LONGITUD FIJA
fixed length control field 160706b2011 ag || 00| 0 spa d
020 ## - ISBN
International Standard Book Number 9789870409236
040 ## - FUENTE DE CATALOGACIÓN
Agencia que crea de manera original el registro DO-SdBPM
Idioma de catalogación spa
Agencia que realiza la transcripción BPMSU
082 #4 - NÚMERO DE CLASIFICACIÓN DECIMAL DE DEWEY
Classification number 823.8
Item number S847e 2011
Edition number 22
100 1# - ASIENTO PRINCIPAL -- NOMBRE PERSONAL
Nombre personal Stevenson, Robert Louis
245 13 - MENCIÓN DE TITULO
Título El extraño caso del Dr. Jekyll y Mr. Hyde /
Mención de responsabilidad Robert Louis Stevensonn ; prólogo Marcelo Figueras
260 ## - PUBLICACIÓN, DISTRIBUCIÓN, ETC. (PIE DE IMPRENTA)
Lugar de publicación, distribución, etc Buenos Aires :
Nombre del editor, distribuidor, etc. Alfaguara,
Fecha de publicación, distribución, etc 2011
Fecha de impresión
300 ## - DESCRIPCIÓN FÍSICA
Extensión 141 p. ;
Dimensiones 19 cm.
490 0# - MENCIÓN DE SERIES
Mención de serie Roja
590 ## - NOTA LOCAL
Texto de la nota local Inventariado, 2025/VM
650 #4 - ENCABEZAMIENTO DE MATERIA--TEMÁTICO
Término temático o nombre geográfico como elemento de entrada Novela juvenil inglesa
650 #4 - ENCABEZAMIENTO DE MATERIA--TEMÁTICO
Término temático o nombre geográfico como elemento de entrada Novela de suspenso
650 #4 - ENCABEZAMIENTO DE MATERIA--TEMÁTICO
Término temático o nombre geográfico como elemento de entrada locura
Subdivisión de forma Novela juvenil
700 1# - ASIENTO SECUNDARIO -- NOMBRE PERSONAL
Nombre personal Figueras, Marcelo
Mención de responsabilidad prólogo
910 ## - VALIDACIÓN
Validación VMateo V. Control de calidad. BPMSU
942 ## - ADDED ENTRY ELEMENTS (KOHA)
Source of classification or shelving scheme Dewey Decimal Classification
Koha item type Libros
Existencias
Withdrawn status Lost status Source of classification or shelving scheme Damaged status Not for loan Collection code Home library Current library Date acquired Source of acquisition Total Checkouts Full call number Barcode Date last seen Price effective from Koha item type Copy number
    Dewey Decimal Classification     Colección Juvenil General Biblioteca Pública Metropolitana Salomé Ureña Biblioteca Pública Metropolitana Salomé Ureña 07/06/2016 Santillana   BPMSU CJG 823.8 S847e 2011 BPMSU16070125 07/06/2016 07/06/2016 Libros  
    Dewey Decimal Classification     Colección Juvenil General Biblioteca Pública Metropolitana Salomé Ureña Biblioteca Pública Metropolitana Salomé Ureña 07/06/2016 Santillana   BPMSU CJG 823.8 S847e 2011 BPMSU16070126 07/06/2016 07/06/2016 Libros e.2
    Dewey Decimal Classification     Colección General Biblioteca Pública Metropolitana Salomé Ureña Biblioteca Pública Metropolitana Salomé Ureña 07/06/2016 Santillana   BPMSU CJG 823.8 S847e 2011 BPMSU16070127 07/06/2016 07/06/2016 Libros e.3